000 00781nam0a2200265 4500
001 RU\NLR\bibl\923734
005 20250614190901.0
010 _a5-699-09684-1
_95000
021 _aRU
_b2006-7390
_9352
035 _a(NLR Aleph) 000912003
090 _a45577
_c45577
100 _a20060330d2005 |||y0rusy50 ca
101 0 _arus
102 _aRU
105 _ay |||||||||
200 1 _a500 анекдотов про синоптиков, саперов и техасскую нефть
_f[Атасов С.]
210 _aМосква
_cЭксмо
_d2005
215 _a127 с.
_d14
686 _aШ3(2=1Р)72-670
702 1 _aАтасов
_bС.
_gСтас
_4220
801 0 _aRU
_bNLR
_c20060330
_grcr
801 1 _aRU
_bNLR
_c20060330
942 _cBOOK
980 _aNB